Applied functional analysis

Saved in:
Bibliografiske detaljer
Hovedforfatter: Balakrishnan, A. V (Author)
Format: Bog
Sprog:engelsk
Udgivet: Nueva York Springer-Verlag 1981
Udgivelse:2a. ed
Serier:Applications of Mathematics, 3
Fag:
Tags: Tilføj Tag
Ingen Tags, Vær først til at tagge denne postø!

MARC

LEADER 00000nam a2200000 a 4500
001 UCP0253
003 CL-VaPUC
008 990305e19810000US |||||||||||||||||eng|d
082 0 4 |a 515.733  |b BAL  |2 21 
100 0 |a Balakrishnan, A. V  |e author  |9 425347 
245 1 0 |a Applied functional analysis 
250 |a 2a. ed 
300 |a 373 p 
942 |c BK 
945 |d 19990305 00:00:00  |a crobeson 
260 |a Nueva York  |b Springer-Verlag  |c 1981 
650 0 |a Espacio de Hilbert   |9 260141 
650 0 |a Optimización matemática  |9 259780 
650 0 |a Análisis matemático   |9 260146 
650 7 |a PROGRAMACION COMPLEJA  |2 CL-VaPUC  |9 425348 
583 |a last modification  |c 19990305 00:00:00  |k Rodrigo Vera 
490 0 |a Applications of Mathematics, 3 
999 |c 279092  |d 279090 
952 |0 0  |1 0  |4 0  |6 515_733000000000000_BAL_1981  |7 0  |8 A  |9 318010  |a BIBMAT  |b BIBMAT  |d 2019-11-20  |i 1323202  |o 515.733 BAL 1981  |p 1323202  |r 2025-01-07  |w 2019-11-20  |y BK  |k MAT